<?xml version="1.0" encoding="UTF-8"?>
<record
    xmlns:xsi="http://www.w3.org/2001/XMLSchema-instance"
    xsi:schemaLocation="http://www.loc.gov/MARC21/slim http://www.loc.gov/standards/marcxml/schema/MARC21slim.xsd"
    xmlns="http://www.loc.gov/MARC21/slim">

  <leader>02449nam a2200313   4500</leader>
  <controlfield tag="001">113555</controlfield>
  <controlfield tag="003">DR-UNIBE</controlfield>
  <controlfield tag="005">20250506103656.0</controlfield>
  <controlfield tag="008">250506b2009    nq ||||| |||| 00| 0 spa d</controlfield>
  <datafield tag="020" ind1=" " ind2=" ">
    <subfield code="a">9789992496404</subfield>
  </datafield>
  <datafield tag="040" ind1=" " ind2=" ">
    <subfield code="a">BIBLIOTECA UNIBE</subfield>
    <subfield code="b">spa</subfield>
    <subfield code="c">BIBLIOTECA UNIBE</subfield>
    <subfield code="e">rda</subfield>
  </datafield>
  <datafield tag="041" ind1=" " ind2=" ">
    <subfield code="a">spa</subfield>
  </datafield>
  <datafield tag="082" ind1=" " ind2=" ">
    <subfield code="2">22</subfield>
    <subfield code="a">923.47285 P418</subfield>
  </datafield>
  <datafield tag="245" ind1="1" ind2="0">
    <subfield code="a">Pensamiento vivo del maestro Ram&#xED;rez /</subfield>
    <subfield code="c">editor: Jorge Ram&#xF3;n Hern&#xE1;ndez Alcerro ; presentaci&#xF3;n:  Silvia Rosales Bola&#xF1;os ; recopilaci&#xF3;n: Norma Allegra Cerrato Sabill&#xF3;n  revisi&#xF3;n: Martha Estela Fuentes Ram&#xED;rez ; dise&#xF1;o y diagramaci&#xF3;n; Comercial 3H</subfield>
  </datafield>
  <datafield tag="250" ind1=" " ind2=" ">
    <subfield code="a">Primera edici&#xF3;n </subfield>
  </datafield>
  <datafield tag="260" ind1=" " ind2=" ">
    <subfield code="a">Managua :</subfield>
    <subfield code="b">Corte Centroamericana de Justicia, </subfield>
    <subfield code="c">2009</subfield>
  </datafield>
  <datafield tag="300" ind1=" " ind2=" ">
    <subfield code="a">128 p&#xE1;ginas : </subfield>
    <subfield code="c">24 x 17 cm</subfield>
  </datafield>
  <datafield tag="490" ind1=" " ind2=" ">
    <subfield code="a">Biblioteca del pensamiento centroamericano</subfield>
  </datafield>
  <datafield tag="500" ind1=" " ind2=" ">
    <subfield code="a">Informaci&#xF3;n sobre la Corte Centroamericana de Justicia en la contraportada</subfield>
  </datafield>
  <datafield tag="505" ind1=" " ind2=" ">
    <subfield code="a">Charla del abogado Robeto Ram&#xED;rez en el acto de investidura con el t&#xED;tulo de Doctor honoris causa en ciencias jur&#xED;dicas y sociales por la Universidad Nacional Aut&#xF3;noma de Honduras |
El juez en el Estado de derecho |
El derecho de la integraci&#xF3;n centroamericana |
La Corte Centroamericana de Justicia en el Sistema de Integraci&#xF3;n Centroamericana |
Opini&#xF3;n sobe la soluci&#xF3;n de controversias en el Sistema de Integraci&#xF3;n Centroamericana (SICA) o Mercado Com&#xFA;n Centroamericano |
Palabras pronunciadas por el abogado don Roberto Ram&#xED;rez en el acto oficial de toma de posesi&#xF3;n como presidente de la Corte Centroamericana de Justicia, en la ciudad de Managua, el doce de octubre de mil novecientos noventa y cinco |
Palabras del Doctor Roberto Ram&#xED;rez presidente de la Corte Centroamericana de Justicia, en ocasi&#xF3;n del II Encuentro de &#xD3;rganos y Secretar&#xED;as del 
Sistema de Integraci&#xF3;n Centroamericana. Managua, Nicaragua, Centroam&#xE9;rica, 6, 7,8 de marzo de 1996 |
Protocolo de Tegucigalpa a la carta e la Organizacion de Estados Centroamericanos (ODECA) |

</subfield>
  </datafield>
  <datafield tag="600" ind1=" " ind2="7">
    <subfield code="a">Ram&#xED;rez, Roberto</subfield>
    <subfield code="9">194907</subfield>
    <subfield code="x">Conferencias</subfield>
  </datafield>
  <datafield tag="650" ind1=" " ind2="7">
    <subfield code="2">lemb</subfield>
    <subfield code="a">Abogados Nicaraguenses</subfield>
    <subfield code="9">194915</subfield>
  </datafield>
  <datafield tag="700" ind1="1" ind2="0">
    <subfield code="a">Hern&#xE1;ndez Alcerro, Jorge Ram&#xF3;n</subfield>
    <subfield code="9">194909</subfield>
    <subfield code="e">editor</subfield>
  </datafield>
  <datafield tag="700" ind1="1" ind2="0">
    <subfield code="a">Rosales Bola&#xF1;os, Silvia</subfield>
    <subfield code="9">194910</subfield>
    <subfield code="e">presentaci&#xF3;n</subfield>
  </datafield>
  <datafield tag="700" ind1="1" ind2="0">
    <subfield code="a">Cerrato Sabill&#xF3;n, Norma Allegra</subfield>
    <subfield code="9">194911</subfield>
    <subfield code="e">compilador</subfield>
  </datafield>
  <datafield tag="700" ind1="1" ind2="0">
    <subfield code="a">Fuentes Ram&#xED;rez , Martha Estela</subfield>
    <subfield code="9">194912</subfield>
    <subfield code="e">revisi&#xF3;n</subfield>
  </datafield>
  <datafield tag="710" ind1="1" ind2="0">
    <subfield code="a">Comercial 3H</subfield>
    <subfield code="9">194913</subfield>
    <subfield code="e">diagramador</subfield>
    <subfield code="e">dise&#xF1;ador</subfield>
  </datafield>
  <datafield tag="942" ind1=" " ind2=" ">
    <subfield code="2">ddc</subfield>
    <subfield code="c">BK</subfield>
  </datafield>
  <datafield tag="999" ind1=" " ind2=" ">
    <subfield code="c">113555</subfield>
    <subfield code="d">113555</subfield>
  </datafield>
  <datafield tag="952" ind1=" " ind2=" ">
    <subfield code="0">0</subfield>
    <subfield code="1">0</subfield>
    <subfield code="2">ddc</subfield>
    <subfield code="7">0</subfield>
    <subfield code="8">GEN</subfield>
    <subfield code="a">Principal</subfield>
    <subfield code="d">2025-04-08</subfield>
    <subfield code="l">0</subfield>
    <subfield code="o">923.47285 P418</subfield>
    <subfield code="p">250387</subfield>
    <subfield code="r">2025-05-06 10:11:52</subfield>
    <subfield code="t">Ej. 1</subfield>
    <subfield code="w">2025-05-06</subfield>
    <subfield code="y">BK</subfield>
  </datafield>
</record>
